000
00265nam a22001217a 4500
082
_a
337 KIN'I
100
_a
KINDLEBERGER, CHARLES P
_9
76190
245
_a
INTERNATIONAL ECONOMICS
250
_a
5T
260
_a
LAHORE
_b
BILAL
_c
1973
300
_a
526P
942
_c
BK
999
_c
581596
_d
581596